Fudamentals of molecular virology

The text approaches learning about virology by presenting a set of chapters each of which covers a specific virus family, using one or two well-studied viruses as examples. Each chapter is designed to tell a story about the virus under discussion, and to portray the "personality" of that v...

全面介绍

Đã lưu trong:
书目详细资料
主要作者: Acheson, Nicholas H.
格式: 图书
语言:Undetermined
出版: Washington, D.C ASM Press 2007
主题:
标签: 添加标签
没有标签, 成为第一个标记此记录!
Thư viện lưu trữ: Trung tâm Học liệu Trường Đại học Cần Thơ
LEADER 00905nam a2200229Ia 4500
001 CTU_192173
008 210402s9999 xx 000 0 und d
082 |a 579.2 
082 |b A177 
100 |a Acheson, Nicholas H. 
245 0 |a Fudamentals of molecular virology 
245 0 |c Nicholas H. Acheson 
260 |a Washington, D.C 
260 |b ASM Press 
260 |c 2007 
520 |a The text approaches learning about virology by presenting a set of chapters each of which covers a specific virus family, using one or two well-studied viruses as examples. Each chapter is designed to tell a story about the virus under discussion, and to portray the "personality" of that virus. 
526 |a Virus học nâng cao 
526 |b CS903 
650 |a Virology,Vi rút 
650 |x Methods,Phương pháp 
904 |i Tuyến 
980 |a Trung tâm Học liệu Trường Đại học Cần Thơ